Statistics for Главни градови Океаније

Click here to take the quiz!

General Stats

  • This quiz has been taken 340 times
  • The average score is 9 of 14

Answers on the Map

Answers color-coded by a green-red scale on the quiz's map according to % correct below.
 

Answer Stats

ДржаваГлавни град% Correct
АустралијаКанбера
97%
Нови ЗеландВелингтон
88%
ФиџиСува
79%
Папуа Нова ГвинејаПорт Морзби
70%
СамоаАпија
67%
ВануатуПорт Вила
65%
НауруЈарен
64%
МикронезијаПаликир
63%
ТувалуФунафути
63%
КирибатиЈужна Тарава
62%
Маршалска острваМаџуро
60%
ТонгаНукуалофа
60%
Соломонова острваХонијара
57%
ПалауНгерулмуд
53%

Score Distribution

Percentile by Number Answered

Percent of People with Each Score

Your Score History

You have not taken this quiz